Countries Most Similar To North Korea - Statistics

General Stats
  • This quiz has been taken 157 times
  • The average score is 10 of 20
Answer Stats
Rank Country Score % Correct
2 China 61.8
93%
1 South Korea 64.4
92%
12 Japan 50.4
79%
3 Vietnam 60.3
79%
4 Laos 56.5
77%
5 Cambodia 53.6
65%
6 Thailand 52.9
65%
11 Mongolia 50.4
64%
7 Myanmar 52.9
63%
9 Taiwan 51.1
55%
20 Indonesia 48.9
53%
18 Cuba 49
43%
8 Belarus 51.2
35%
19 Kyrgyzstan 48.9
26%
14 Uzbekistan 49.5
26%
16 Serbia 49.2
19%
13 Ukraine 49.6
18%
15 Azerbaijan 49.4
17%
17 Georgia 49.1
13%
10 Bosnia 50.7
11%
No matching quizzes found
Score Distribution
Percent of People with Each Score
Percentile by Number Answered
Your Score History
You have not taken this quiz